00500nam a2200193 a 4500001001300000003000900013005001700022008004100039020002300080082002200103100002000125245002100145260004600166300000900212500003500221505001000256650002000266700002000286nice12345678IN_TiNIC20260116013045.0050524s1991 newa grp 000 0 eng  a0231476 c63800a305.42095694bPET aPeteet, Julie M aGender in Crisis aNew YorkbColumbia University Pressc1991 a245p aincludes index and biblioraphy2 aIndex aWomen-Palestine1 aPeteet, Julie M